=LDR 00000nam 2200000 4500 =001 INLIS000000000009780 =005 20130612101548 =008 ***********************************Ind** =035 ##$$0010-061300000009780 =041 ##$$a Ind =082 ##$$a 629.248 2 =090 ##$$a 629.248 2, Fau m =100 ##$$a Fauzan =245 ##$$a Memilih dan Merawat Ban Mobil, B.M.Fauzan =260 ##$$a 2001 $b Jakarta =300 ##$$a vi, 70 hlm, 21 cm =650 ##$$a Ban =850 ##$$a NBPNMAT